000 00308nam a2200121Ia 4500
008 190216s9999||||xx |||||||||||||| ||und||
100 _aSeth M L & Veleyudham S
245 0 _aTheory And Practice Of Economic Planning
260 _bS Chand & Co
_c1987
300 _a812p
650 _aEconomics
942 _cBK
999 _c9798
_d9798